000 00601nam a22001697a 4500
003 NUST
038 _aNusrat Nadeem
082 _a200
100 _aKhan, Muhammad Salman Waleed
_9120115
245 _aCAPTURING THE EV CHARGING MARKET IN PAKISTAN: OPPORTUNITIES AND STRATEGIES FOR ATTOCK PETROLEUM LIMITED (APL)/
_cMuhammad Salman Waleed Khan
264 _aIslamabad,
_bNBS NUST,
_c2023.
300 _aill:
_b37,p:
_c30,cm.
650 _aExecutive MBA
_9120079
700 _aSupervisor: Dr. Dilawar Niazi
_9120116
856 _uhttp://10.250.8.41:8080/xmlui/handle/123456789/39684
942 _2ddc
_cSC
999 _c607546
_d607546